000 01451nam a2200361 i 4500
001 ebr10847954
003 CaPaEBR
006 m o d
007 cr cn|||||||||
008 140328s2014 wlkabj ob 001 0 eng|d
020 _z9781783160198
020 _a9781783160204 (e-book)
040 _aCaPaEBR
_beng
_erda
_epn
_cCaPaEBR
035 _a(OCoLC)878137213
043 _ae-uk-wl
050 1 4 _aPB2115
_b.D38 2014eb
100 1 _aDavies, Janet,
_eauthor.
245 1 4 _aThe Welsh language :
_ba history /
_cJanet Davies.
264 1 _aCardiff :
_bUniversity of Wales Press,
_c2014.
300 _a1 online resource (224 pages) :
_billustrations, genealogical tables, maps
336 _atext
_2rdacontent
337 _acomputer
_2rdamedia
338 _aonline resource
_2rdacarrier
504 _aIncludes bibliographical references and index.
588 _aDescription based on online resource; title from PDF title page (ebrary, viewed March 28, 2014).
590 _aElectronic reproduction. Palo Alto, Calif. : ebrary, 2014. Available via World Wide Web. Access may be limited to ebrary affiliated libraries.
650 0 _aWelsh language
_xHistory.
650 0 _aWelsh language
_xSocial aspects.
651 0 _aWales
_xSocial conditions.
655 0 _aElectronic books.
797 2 _aebrary.
856 4 0 _uhttp://site.ebrary.com/lib/rucke/Doc?id=10847954
_zAn electronic book accessible through the World Wide Web; click to view
999 _c100290
_d100290